000 00518nam a22001695i 4500
001 152632
003 ES-MaACL
005 20240428063046.0
008 051017s1884 po | |||||||| ||por d
040 _aCAM
_bspa
_cCAM
100 1 _aBraga, Teófilo,
_d1843-1924
_931276
245 1 0 _aMiragens seculares /
_cTheophilo Braga.
260 _aLisboa :
_bNova Libraria Internacional,
_c1884.
300 _a240 p. ;
_c19 cm.
852 _aES-MaACL
_jG-8366
_z-- Enc. pasta española
999 _c152632
_d152632